<?xml version="1.0" encoding="UTF-8"?>
<record
    xmlns:xsi="http://www.w3.org/2001/XMLSchema-instance"
    xsi:schemaLocation="http://www.loc.gov/MARC21/slim http://www.loc.gov/standards/marcxml/schema/MARC21slim.xsd"
    xmlns="http://www.loc.gov/MARC21/slim">

  <leader>02693cam a2200313 i 4500</leader>
  <controlfield tag="001">991107279170706196</controlfield>
  <controlfield tag="005">20250509080530.0</controlfield>
  <controlfield tag="008">220329s2023    enk      b    001 0 eng  </controlfield>
  <datafield tag="010" ind1=" " ind2=" ">
    <subfield code="a">  2022012251</subfield>
  </datafield>
  <datafield tag="020" ind1=" " ind2=" ">
    <subfield code="a">9781009107976</subfield>
    <subfield code="q">(paperback)</subfield>
  </datafield>
  <datafield tag="035" ind1=" " ind2=" ">
    <subfield code="a">(OCoLC)1315579489</subfield>
    <subfield code="z">(OCoLC)1313943318</subfield>
    <subfield code="z">(OCoLC)1334661062</subfield>
  </datafield>
  <datafield tag="035" ind1=" " ind2=" ">
    <subfield code="a">(OCoLC)on1315579489</subfield>
  </datafield>
  <datafield tag="040" ind1=" " ind2=" ">
    <subfield code="a">DLC</subfield>
    <subfield code="b">eng</subfield>
    <subfield code="e">rda</subfield>
    <subfield code="c">DLC</subfield>
    <subfield code="d">OCLCF</subfield>
    <subfield code="d">IMD</subfield>
    <subfield code="d">JNE</subfield>
    <subfield code="d">YDX</subfield>
    <subfield code="d">BDX</subfield>
    <subfield code="d">UKMGB</subfield>
    <subfield code="d">TOH</subfield>
    <subfield code="d">YDX</subfield>
    <subfield code="d">ILM</subfield>
  </datafield>
  <datafield tag="042" ind1=" " ind2=" ">
    <subfield code="a">pcc</subfield>
  </datafield>
  <datafield tag="050" ind1="0" ind2="0">
    <subfield code="a">BF692</subfield>
    <subfield code="b">.G677 2023</subfield>
  </datafield>
  <datafield tag="100" ind1=" " ind2=" ">
    <subfield code="a">Grant, Jon E.,</subfield>
    <subfield code="e">author.</subfield>
    <subfield code="9">25167</subfield>
  </datafield>
  <datafield tag="245" ind1="1" ind2="0">
    <subfield code="a">Impulse </subfield>
    <subfield code="b">: the science of sex and desire </subfield>
    <subfield code="c">/ Jon E. Grant, University of Chicago, Samuel R. Chamberlain, University of Cambridge.</subfield>
  </datafield>
  <datafield tag="250" ind1=" " ind2=" ">
    <subfield code="a">First edition.</subfield>
  </datafield>
  <datafield tag="264" ind1=" " ind2="1">
    <subfield code="a">Cambridge, United Kingdom ;</subfield>
    <subfield code="a">New York, NY :</subfield>
    <subfield code="b">Cambridge University Press,</subfield>
    <subfield code="c">2023.</subfield>
  </datafield>
  <datafield tag="300" ind1=" " ind2=" ">
    <subfield code="a">vi, 250 pages ;</subfield>
    <subfield code="c">20 cm</subfield>
  </datafield>
  <datafield tag="504" ind1=" " ind2=" ">
    <subfield code="a">Includes bibliographical references and index.</subfield>
  </datafield>
  <datafield tag="505" ind1="0" ind2=" ">
    <subfield code="a">Sex and desire &#x2014; Development issues around sex &#x2014; Healthy sex &#x2014; Too little sex &#x2014; Too much sex &#x2014; Sex and physical health &#x2014; Drinking, drugs, and sex &#x2014; Relationship problems &#x2014; Sex and digital technology &#x2014; Diverse aspects of sex &#x2014; Sex and pandemics.</subfield>
  </datafield>
  <datafield tag="520" ind1=" " ind2=" ">
    <subfield code="a">"For most of us, sex is important. Some of our first close friendships are initiated when we discuss sex - adolescent boys and girls navigating puberty and sexual desires. We may spend countless hours fantasizing about and planning our first sexual experience. Dating for many becomes an important rite of passage. As adults, we look for partners who can provide a satisfying sexual experience. In fact, most people have their first sexual experience long before they fall in love or meet a long-term partner. Sex means different things to different people and within the same person, sex mean different things to us at different times in our lives and changes based on emotional development and life stages. Simply put, sex is complicated. Even in non-physical ways, sex seems to permeate our everyday lives. Movies and television series are more enticing if there is a sexual theme. Jokes and conversations are riddled with double entendres. Magazine covers, news, and advertisements sell themselves or products using half-naked people by alluding to fantasies of sex or in many cases graphically telling us about people's sex lives. Sex is obviously more than just a physical act. It also incorporates psychological, social, political, and even spiritual dimensions"--</subfield>
    <subfield code="c">Provided by publisher</subfield>
  </datafield>
  <datafield tag="650" ind1=" " ind2="0">
    <subfield code="a">Sex (Psychology)</subfield>
    <subfield code="9">25168</subfield>
  </datafield>
  <datafield tag="650" ind1=" " ind2="0">
    <subfield code="a">Sexual attraction</subfield>
    <subfield code="x">Social aspects.</subfield>
  </datafield>
  <datafield tag="650" ind1=" " ind2="0">
    <subfield code="a">Desire</subfield>
    <subfield code="9">25169</subfield>
  </datafield>
  <datafield tag="700" ind1=" " ind2=" ">
    <subfield code="a">Chamberlain, Samuel,</subfield>
    <subfield code="e">author.</subfield>
    <subfield code="9">25170</subfield>
  </datafield>
  <datafield tag="942" ind1=" " ind2=" ">
    <subfield code="2">lcc</subfield>
  </datafield>
  <datafield tag="952" ind1=" " ind2=" ">
    <subfield code="0">0</subfield>
    <subfield code="1">0</subfield>
    <subfield code="2">lcc</subfield>
    <subfield code="4">0</subfield>
    <subfield code="7">0</subfield>
    <subfield code="a">TBS</subfield>
    <subfield code="b">TBS</subfield>
    <subfield code="d">2025-05-09</subfield>
    <subfield code="l">0</subfield>
    <subfield code="o">BF692 GRA</subfield>
    <subfield code="p">B05747</subfield>
    <subfield code="r">2025-05-09</subfield>
    <subfield code="t">1</subfield>
    <subfield code="w">2025-05-09</subfield>
    <subfield code="y">1</subfield>
  </datafield>
  <datafield tag="999" ind1=" " ind2=" ">
    <subfield code="c">4645</subfield>
    <subfield code="d">4645</subfield>
  </datafield>
</record>
